| 000 | 01343nam a22003497a 4500 | ||
|---|---|---|---|
| 005 | 20240530110638.0 | ||
| 008 | 170710s2014 ua a g b 000 0 ara d | ||
| 017 |
_a2013/21739 _bمصر . دار الكتب المصرية |
||
| 020 | _a9789774485855 | ||
| 040 | _aEG-CaGPL | ||
| 082 | 0 | 4 |
_221 _a571.8 \ _bد أ |
| 100 | 1 |
_aدوكنز ، ريتشارد _eمؤلف |
|
| 245 | 1 | 0 |
_aاعظم استعراض فوق الارض : _bادلة التطور / _cتأليف ريتشارد دوكنز ؛ ترجمة مصطفى ابراهيم فهمي . |
| 250 | _aط 1 | ||
| 260 |
_aالقاهرة : _bالمركز القومي للترجمة ، _c2014 . |
||
| 300 |
_a2ج : _bصور؛ _c24 . |
||
| 490 | 0 |
_aالمركز القومي للترجمة ؛ _v1823 |
|
| 504 | _aيشتمل علي ارجاعات ببلوجرافية | ||
| 650 | 0 | 7 | _aالكائنات الحية |
| 650 | 0 | 7 | _aاصل الحياة |
| 650 | 0 | 7 | _aالاحياء الدقيقة |
| 650 | 0 | 7 | _aتكاثر الحيوان |
| 650 | 0 | 7 |
_aالحيوان _xفسيولوجيا |
| 650 | 0 | 7 | _aالاسماك |
| 650 | 0 | 7 | _aالبرمائيات |
| 650 | 0 | 7 | _aالحشرات |
| 650 | 0 | 7 | _aقانون الجاذبية |
| 650 | 0 | 7 | _aاللافقاريات |
| 700 | 0 |
_aمصطفى ابراهيم فهمي _eمترجم |
|
| 942 |
_2ddc _cBK |
||
| 999 |
_c63382 _d63382 |
||